|
|
|
|
| LEADER |
00902nam a22002417a 4500 |
| 001 |
41111 |
| 003 |
BD-DhAAL |
| 005 |
20230720120129.0 |
| 008 |
230510t1974 maud|||| |||| 00| 0 eng d |
| 040 |
|
|
|a BD-DhAAL
|d BD-DhAAL
|
| 082 |
|
|
|a 330.155
|
| 100 |
|
|
|a Harberger, Arnold C.
|9 54176
|
| 245 |
|
|
|a Taxation and welfare /
|c Arnold C. Harberger.
|
| 260 |
|
|
|a Boston :
|b Little, Brown,
|c 1974.
|
| 300 |
|
|
|a x, 304 pages :
|b illustrations ;
|c 23 cm.
|
| 504 |
|
|
|a Includes bibliographical references.
|
| 541 |
|
|
|a Donated by Akbar Ali Khan
|
| 650 |
|
|
|a Welfare economics.
|9 54177
|
| 650 |
|
|
|a Taxation.
|
| 852 |
|
|
|a Ayesha Abed Library
|c Akbar Ali Khan Collections
|
| 942 |
|
|
|2 ddc
|c BK
|
| 999 |
|
|
|c 45738
|d 45738
|
| 952 |
|
|
|0 0
|1 0
|2 ddc
|4 0
|6 330_155000000000000_HAR
|7 1
|9 73616
|a BRACUL
|b BRACUL
|c AAKC
|d 2023-05-10
|e Donated by Akbar Ali Khan
|l 0
|o 330.155 HAR
|p 3010041111
|r 2023-05-10
|t 1
|w 2023-05-10
|y BK
|x Price NOT available.
|